000
00257nam a22001097a 4500
008
170113b xxu||||| |||| 00| 0 eng d
020
_a
9780323036894
041
_a
eng
080
_2
7TH
_a
618.2
245
_a
MEDICAL-SURGICAL NURSING
_c
DIRKSEN
942
_2
udc
_c
BK
999
_c
2876
_d
2876